Click the Bruce Springsteen Song Title Ending - Statistics

General Stats
  • This quiz has been taken 157 times
  • The average score is 17 of 20
Answer Stats
Hint Answer % Correct
Dancing in the Dark
99%
Glory Days
99%
Born to Run
98%
Born in the U.S.A.
98%
Streets of Philadelphia
97%
Darkness on the Edge of Town
97%
The Promised Land
96%
Hungry Heart
95%
Thunder Road
92%
The Ties That Bind
91%
Point Blank
86%
Human Touch
86%
The River
83%
Downbound Train
80%
Jersey Girl
79%
Tenth Avenue Freeze-Out
73%
Cadillac Ranch
72%
Adam Raised a Cain
67%
Johnny 99
62%
Jackson Cage
59%
No matching quizzes found
Score Distribution
Percent of People with Each Score
Percentile by Number Answered
Your Score History
You have not taken this quiz